000
00309nam a2200121Ia 4500
005
20260328104342.0
008
260328s9999||||xx |||||||||||||| ||und||
100
_a
Escala
245
0
_a
Convive III, Concurso Vivienda Económica /
_c
Escala
260
_b
Escala
650
_a
VIVIENDA DE EMERGENCIA
942
_c
BK
999
_c
12174
_d
12174